000 00342nam a2200145Ia 4500
003 OSt
005 20240302161328.0
008 170523s9999 xx 000 0 und d
020 _a978-9350244548
040 _cIIMTU
100 _aDESAI- VASANT
245 0 _aDYNAMICS OF ENTREPRENEURIAL DEVP
260 _bHIMALAYA PUBLICATION
942 _2ddc
_c02
999 _c863
_d863